Программирование однокристальных микропроцессоров

Bibliographic Details
Main Author: Григорьев В. Л. Вячеслав Леонидович
Language:Russian
Published: Москва, Энергоатомиздат, 1987
Subjects:
Format: Book
KOHA link:https://koha.lib.tpu.ru/cgi-bin/koha/opac-detail.pl?biblionumber=35644

MARC

LEADER 00000nam0a2200000 4500
001 35644
005 20231030234351.0
035 |a (RuTPU)RU\TPU\book\36081 
035 |a BOOK00002733 
090 |a 35644 
100 |a 20011210d1987 m y0rusy50 ca 
101 0 |a rus 
102 |a RU 
105 |a y z 000zy 
200 1 |a Программирование однокристальных микропроцессоров  |f В. Л. Григорьев 
210 |a Москва  |c Энергоатомиздат  |d 1987 
215 |a 287 с. 
610 1 |a микропроцессоры 
610 1 |a программирование 
610 1 |a программы 
610 1 |a примеры 
675 |a 681.325.5  |v 3 
700 1 |a Григорьев  |b В. Л.  |g Вячеслав Леонидович 
801 0 |a RU  |b 63413507  |c 20011210  |g PSBO 
801 2 |a RU  |b 63413507  |c 20210131  |g PSBO 
900 |a Программирование управляющих ЭВМ 
942 |c BK